000 00633cam a22002173a 4500
001 42417
003 PGUSA
005 20140828083948.0
008 130326s2013||||xxu|||||s|||||000 | eng d
040 _aPGUSA
_beng
042 _adc
100 1 _aStrang, Herbert
245 1 4 _aThe Air Patrol :
_bA Story of the North-west Frontier
_h[electronic resource] /
_cHerbert Strang
260 _bProject Gutenberg,
_c2013
506 _aPublic domain in the USA.
516 _aElectronic text
700 1 _aCuneo, Cyrus,
_d1879-1916
830 0 _aProject Gutenberg
_v42417
856 4 0 _uhttp://www.gutenberg.org/ebooks/42417
942 _cEB
999 _c271669
_d271669